Score 0/46 Timer 06:00
0 Plays Today
Student Population University % Correct
51,112University of Texas, Austin
92.3%
33,439University of Texas, Arlington
91.9%
45,701University of Florida
91.5%
42,716University of Michigan
91.5%
56,867Ohio State University
88.3%
40,675University of California, Los Angeles
87.9%
42,428University of Washington
86.6%
39,236University of Arizona
85.4%
42,731Indiana University
83%
45,628Pennsylvania State University
81.8%
34,816University of Georgia
81.4%
44,407University of Illinois
79.8%
42,441University of Wisconsin
79.8%
41,087Florida State University
78.9%
47,954Michigan State University
78.1%
52,557University of Minnesota
77.7%
72,254Arizona State University
76.1%
43,911New York University
76.1%
38,010University of Southern California
74.5%
32,252University of Colorado
72.5%
49,861Texas A&M University
67.6%
36,142University of California, Berkeley
63.2%
33,805University of Missouri
63.2%
Student Population University % Correct
42,713University of Maryland
62.8%
39,950Rutgers, State University of New Jersey
59.9%
34,767North Carolina State University
58.7%
34,101Brigham Young University
56.7%
39,637Purdue University
56.3%
31,732University of California, Davis
56.3%
31,660University of Utah
56.3%
58,587University of Central Florida
54.7%
32,327Texas Tech University
52.2%
32,944Boston University
49%
39,596University of South Florida
47%
39,820University of Houston
43.3%
32,022Georgia State University
31.2%
33,329University of Cincinnati
29.1%
44,686Florida International University
27.5%
36,855Temple University
26.7%
34,087Texas State University
20.2%
34,870California State University, Long Beach
17.8%
35,754University of North Texas
17%
36,156California State University, Fullerton
15.4%
31,899Virginia Commonwealth University
15%
36,911California State University, Northridge
14.2%
33,320George Mason University
13%
Remove Ads.
Support Sporcle.
Get the best of Sporcle when you Go Orange. This ad-free experience offers more features, more stats, and more fun while also helping to support Sporcle. Thank you for becoming a member.

You're not logged in!

Compare scores with friends on all Sporcle quizzes.
OR
Log In

Show Comments

Extras

Top Quizzes Today


Score Distribution

Your Account Isn't Verified!

In order to create a playlist on Sporcle, you need to verify the email address you used during registration. Go to your Sporcle Settings to finish the process.

Report this User

Report this user for behavior that violates our Community Guidelines.

Details: